[Event "Lausanne YM 6th"]
[Site "Lausanne"]
[Date "2005.09.16"]
[Round "2.1"]
[White "Carlsen, Magnus"]
[Black "Paehtz, Elisabeth"]
[Result "1/2-1/2"]
[WhiteElo "2528"]
[BlackElo "2421"]
[PlyCount "99"]
[EventDate "2005.09.14"]
[EventType "k.o."]
[EventRounds "3"]
[EventCountry "SUI"]
[SourceTitle "CBM 108 Extra"]
[Source "ChessBase"]
[SourceDate "2005.11.04"]
[SourceVersion "1"]
[SourceVersionDate "2005.11.04"]
[SourceQuality "1"]

1. e4 c5 2. Nf3 e6 3. d4 cxd4 4. Nxd4 Nc6 5. Nc3 Qc7 6. Be3 a6 7. Bd3 Nf6 8. O-O b5 9. Nxc6 Qxc6 10. f3 Bb7 11. Kh1 Bc5 12. Bxc5 Qxc5 13. Qe1 ({RR} 13. Qe2 d5 14. exd5 Nxd5 15. Nxd5 Bxd5 16. Be4 Bxe4 17. Qxe4 O-O 18. Rad1 Rad8 19. Rd3 h6 20. Rfd1 Rxd3 21. Qxd3 Qe5 22. c3 Rc8 23. h3 Rc5 24. Qd6 Qg5 25. Qd8+ Kh7 26. Qxg5 Rxg5 27. Rd6 a5 {Patera,M (1894)-Nagly,W (2135) Lublin POL 2025 ½-½ (92)}) 13... d6 14. a4 bxa4 15. Nxa4 $146 ({RR} 15. Rxa4 O-O 16. Qa1 Qb6 17. b3 Rfc8 18. Ne2 Nd7 19. Qd4 Nc5 20. Raa1 Qc7 21. Ng3 Nxd3 22. cxd3 d5 23. f4 Qc3 24. Qb6 Qc6 25. Qf2 Qc5 26. Qe2 Qd4 27. e5 Rc3 28. Rad1 Rxb3 29. Nh5 g6 {Zhang,M (1847)-Guillemette,H (2071) Laval Quebec CAN 2024 ½-½ (43)}) ({RR} 15. Rxa4 O-O 16. Qa1 Qb6 17. b3 Rfc8 18. Ne2 Nd7 19. Qd4 Nc5 20. Raa1 Qc7 21. Ng3 Nxd3 22. cxd3 d5 23. f4 Qc3 24. Qb6 Qc6 25. Qf2 Qc5 26. Qe2 Qd4 27. e5 Rc3 28. Rad1 Rxb3 29. Nh5 g6 {Zhang,M (1847)-Guillemette,H (2071) Laval Quebec CAN 2024 ½-½ (43)}) 15... Qc7 16. Ra3 O-O 17. Qc3 Bc6 18. Rfa1 Rfb8 19. b3 Qd7 20. Qd4 e5 21. Qe3 Qb7 22. Nc3 a5 23. Bc4 Qb4 24. R3a2 g6 25. Kg1 Kg7 26. h3 h5 27. h4 Rb7 28. Na4 Rbb8 29. Nb2 Nd7 30. c3 Qc5 31. Kf2 f5 32. Nd3 Qxe3+ 33. Kxe3 fxe4 34. fxe4 Nf6 35. Nf2 d5 36. exd5 Bxd5 37. Rxa5 Bxg2 38. Nd3 Ng4+ 39. Ke2 Rf8 40. Rxa8 Rxa8 41. Rxa8 Bxa8 42. b4 g5 43. hxg5 Kg6 44. Be6 e4 45. Nc5 Kxg5 46. c4 h4 47. Bd5 Bxd5 48. cxd5 h3 49. Nxe4+ Kf4 50. Nf2 1/2-1/2

[Event "Lausanne YM 6th"]
[Site "Lausanne"]
[Date "2005.09.17"]
[Round "2.2"]
[White "Paehtz, Elisabeth"]
[Black "Carlsen, Magnus"]
[Result "1/2-1/2"]
[WhiteElo "2421"]
[BlackElo "2528"]
[PlyCount "47"]
[EventDate "2005.09.14"]
[EventType "k.o."]
[EventRounds "3"]
[EventCountry "SUI"]
[SourceTitle "CBM 108 Extra"]
[Source "ChessBase"]
[SourceDate "2005.11.04"]
[SourceVersion "1"]
[SourceVersionDate "2005.11.04"]
[SourceQuality "1"]

1. e4 e5 2. Nf3 Nc6 3. Bc4 Nf6 4. d3 Be7 5. Bb3 O-O 6. c3 d5 7. Nbd2 dxe4 8. dxe4 Bg4 9. h3 Bh5 10. O-O Bc5 11. Qe2 Qe7 12. Re1 Bg6 $146 ({RR} 12... Kh8 13. Nf1 Bg6 14. Ng3 Nh5 15. Nxh5 Bxh5 16. Be3 Na5 17. Bxc5 Qxc5 18. Bc2 Bxf3 19. Qxf3 Nc4 20. b3 Nd6 21. Rad1 Qa3 22. Bb1 f6 23. Re2 a5 24. Red2 Ra6 25. Qe3 Rc6 26. c4 b5 27. cxb5 {Cunha,E (2242)-Lima,D (2509) Fortaleza 2012 0-1 (42)}) ({RR} 12... Rad8 13. Nf1 Bg6 14. Bg5 h6 15. Bh4 Bh7 16. Bc2 g5 17. Bg3 Nh5 18. b4 Bb6 19. a4 a5 20. b5 Nxg3 21. Nxg3 Nb8 22. Nh2 Bg6 23. Ng4 Kh7 24. Ne3 Bxe3 25. Qxe3 Nd7 26. Qf3 {½-½ (26) Gijsen,W (1825)-Reichardt,R (1936) Assen 2018}) 13. Nh4 Kh8 14. Qf3 Rad8 15. Bc2 Nh5 16. Nf5 Qf6 17. b4 Bb6 18. Nc4 Nf4 19. a4 Qe6 20. Nxb6 axb6 21. Bxf4 exf4 22. Qxf4 Qc4 23. Qxc7 Qxc3 24. Rac1 1/2-1/2

[Event "Lausanne YM 6th"]
[Site "Lausanne"]
[Date "2005.09.17"]
[Round "2.4"]
[White "Paehtz, Elisabeth"]
[Black "Carlsen, Magnus"]
[Result "0-1"]
[WhiteElo "2421"]
[BlackElo "2528"]
[PlyCount "62"]
[EventDate "2005.09.14"]
[EventType "k.o."]
[EventRounds "3"]
[EventCountry "SUI"]
[SourceTitle "CBM 108 Extra"]
[Source "ChessBase"]
[SourceDate "2005.11.04"]
[SourceVersion "1"]
[SourceVersionDate "2005.11.04"]
[SourceQuality "1"]

1. e4 e5 2. Nf3 Nf6 3. Nxe5 d6 4. Nf3 Nxe4 5. Nc3 Nxc3 6. dxc3 Be7 7. Bf4 O-O 8. Qd2 Nd7 9. O-O-O Nc5 10. Nd4 Bf6 ({RR} 10... Re8 11. f3 Ne6 12. Be3 Bg5 13. Bxg5 Qxg5 14. Qxg5 Nxg5 15. Bc4 Ne6 16. Rhe1 Kf8 17. Nxe6+ Bxe6 18. Bxe6 Rxe6 19. Rxe6 fxe6 20. Kd2 Ke7 21. Ke3 Rf8 22. Rd4 Rf5 23. h4 a5 24. a4 Rh5 25. g3 {Harikrishna,P (2645)-Mamedyarov,S (2646) Lausanne 2005 ½-½}) 11. f3 Re8 12. g4 Ne6 13. Bg3 $146 ({RR} 13. Be3 Nxd4 14. Bxd4 Bd7 15. Bd3 Bc6 16. Rhf1 Bxd4 17. cxd4 Qe7 18. Kb1 g6 19. f4 Be4 20. Bxe4 Qxe4 21. Rde1 Qd5 22. f5 gxf5 23. Qg5+ Kf8 24. Qh6+ Kg8 25. Qg5+ Kf8 26. Qf6 Kg8 27. gxf5 Qg2 {Sleisz,T (2435)-Halasz,T (2386) Hungary 2004 1-0 (57)}) ({RR} 13. Nxe6 Bxe6 14. g5 Be5 15. Bxe5 dxe5 16. Qe3 Qc8 17. a3 Bf5 18. Bc4 Be6 19. Bd3 Bf5 20. Be4 c6 21. Rd6 Qc7 22. Rhd1 Be6 23. Qc5 a6 24. h4 g6 25. h5 gxh5 26. Rh1 Rad8 27. Rxd8 Rxd8 {Sokolovsky,Y (2461)-Santos Latasa,J (2656) chess.com INT 2023 1-0 (65)}) ({RR} 13. Nxe6 Bxe6 14. g5 Be5 15. Be3 g6 16. Bd3 Qd7 17. h4 Bf5 18. h5 Bxd3 19. Qxd3 Qa4 20. Kb1 Qd7 21. f4 Bg7 22. h6 Bh8 23. Bd4 Qf5 24. Qc4 Re7 25. Bxh8 Kxh8 26. Rhe1 Rae8 27. Qd4+ f6 {Borosova,Z (2233)-Gunis,J (2061) Slovakia 2008 1-0 (31)}) 13... Nxd4 14. cxd4 Be6 15. h4 c5 16. Bb5 Bd7 17. Bxd7 Qxd7 18. Bf2 c4 19. c3 b5 20. g5 Bd8 21. Qf4 d5 22. Bg3 Rc8 23. h5 Bc7 24. Qh4 b4 25. Bxc7 Qxc7 26. h6 g6 27. cxb4 c3 28. b3 c2 29. Rd3 Qd6 30. a3 Qa6 31. Kd2 Qxa3 0-1

[Event "Lausanne YM 6th"]
[Site "Lausanne"]
[Date "2005.09.18"]
[Round "3.1"]
[White "Carlsen, Magnus"]
[Black "Vachier Lagrave, Maxime"]
[Result "1-0"]
[WhiteElo "2528"]
[BlackElo "2527"]
[PlyCount "79"]
[EventDate "2005.09.14"]
[EventType "k.o."]
[EventRounds "3"]
[EventCountry "SUI"]
[SourceTitle "CBM 108 Extra"]
[Source "ChessBase"]
[SourceDate "2005.11.04"]
[SourceVersion "1"]
[SourceVersionDate "2005.11.04"]
[SourceQuality "1"]

1. e4 c5 2. Nf3 d6 3. d4 Nf6 4. Nc3 cxd4 5. Nxd4 a6 6. Be2 e6 7. f4 Be7 8. O-O O-O 9. a4 ({RR} 9. g4 Nc6 10. g5 Nd7 11. Be3 Re8 12. a4 Nxd4 13. Qxd4 b6 14. Qd2 Bb7 15. Bf3 Rc8 16. Rae1 Bf8 17. h4 Qc7 18. h5 b5 19. axb5 axb5 20. Rf2 Qa5 21. Rg2 Nb6 22. Nd1 Qxd2 23. Rxd2 Nc4 {Short,N (2677)-Ivanchuk,V (2719) Shenyang 2000 0-1 (45)}) 9... b6 ({RR} 9... e5 10. Nf3 Nc6 11. Kh1 h6 12. f5 Kh7 13. Be3 g6 14. Qd2 Ng4 15. Bg1 gxf5 16. exf5 Bxf5 17. Nh4 Bg5 18. Qd1 Bxh4 19. Rxf5 Nf6 20. Bd3 Kh8 21. Qf3 Bg5 22. Rf1 Kg7 23. Rxg5+ hxg5 24. Qf5 {Cooklev,S (2014)-Silva,J (1816) chess.com INT 2024 1-0}) 10. Bf3 Ra7 11. Be3 Rc7 $146 ({RR} 11... Bb7 12. a5 d5 13. Nxe6 fxe6 14. Bxb6 Qc8 15. Bxa7 dxe4 16. Be2 Nd5 17. Nxd5 exd5 18. Bg4 Qc7 19. Be6+ Kh8 20. Qh5 Qc6 21. f5 Nd7 22. Bd4 Nf6 23. Qd1 Bc5 24. c3 Bd6 25. h3 Rd8 26. Qe2 {Barbosa,E (2383)-Okada,W (1772) Goiania 2011 1-0 (33)}) ({RR} 11... Qc7 12. a5 Nbd7 13. g4 bxa5 14. g5 Ne8 15. Ndb5 axb5 16. Nxb5 Qc4 17. Nxa7 Bb7 18. b3 Qb4 19. Ra4 Qc3 20. Bd4 Qc7 21. Nb5 Qc6 22. Rxa5 Bd8 23. Na7 Qc7 24. Ra2 e5 25. fxe5 dxe5 26. Be3 {Mas,H (2333)-Nisban,C (1855) Penang 2015 1-0}) 12. f5 Rc4 13. g4 h6 14. Qd2 Nh7 15. Rad1 Bg5 16. Bxg5 Nxg5 17. Bg2 Nd7 18. fxe6 Ne5 19. exf7+ Ngxf7 20. h3 Ng5 21. Nf5 Bxf5 22. exf5 h5 23. Qxd6 Qxd6 24. Rxd6 hxg4 25. Bd5+ Kh7 26. Bxc4 Nxc4 27. Rd3 Nxh3+ 28. Kg2 Nxb2 29. Rd4 Rc8 30. Nd5 Rxc2+ 31. Kg3 Ng5 32. Rxg4 Nf7 33. Nf6+ gxf6 34. Rh1+ Nh6 35. Rg6 Rc3+ 36. Kg2 Rc2+ 37. Kf3 Rc3+ 38. Ke4 Rc4+ 39. Kd5 Rc5+ 40. Ke6 1-0

[Event "Lausanne YM 6th"]
[Site "Lausanne"]
[Date "2005.09.19"]
[Round "3.2"]
[White "Vachier Lagrave, Maxime"]
[Black "Carlsen, Magnus"]
[Result "0-1"]
[WhiteElo "2527"]
[BlackElo "2528"]
[PlyCount "48"]
[EventDate "2005.09.14"]
[EventType "k.o."]
[EventRounds "3"]
[EventCountry "SUI"]
[SourceTitle "CBM 108 Extra"]
[Source "ChessBase"]
[SourceDate "2005.11.04"]
[SourceVersion "1"]
[SourceVersionDate "2005.11.04"]
[SourceQuality "1"]

1. e4 {Golod,Vitali Golod,Vitali} c5 2. Nf3 e6 3. d4 cxd4 4. Nxd4 Nf6 5. Nc3 Nc6 6. Nxc6 bxc6 7. e5 Nd5 8. Ne4 Bb7 9. Be2 ({RR} 9. c4) ({RR} 9. c4) 9... c5 10. O-O ({RR} 10. c4 Ne3 11. Bxe3 Bxe4 12. f3 Bc6) 10... Qc7 11. Nd6+ ({RR} 11. c4) ({RR} 11. f4) 11... Bxd6 12. exd6 Qc6 13. f3 c4 14. Qd4 O-O 15. Bxc4 Rfc8 ({RR} 15... Qxd6 16. Rf2 Qb6 17. Qh4 Rac8 18. b3 Ne3 19. Bd3 Nf5 20. Qf4 Qd4 21. Qxd4 Nxd4 22. Be3 Nc6 23. Bc5 Rfe8 24. Bd6) ({RR} 15... Qxd6) ({RR} 15... Qxd6 16. Rd1 Rfc8 17. b3 Qb6 18. Qxb6 Nxb6 19. Bd3 d5 20. a4 Nd7 21. a5 a6 22. Bb2 Nc5 23. Bf1 Bc6 24. Ra3 f6 25. Bd4 Nb7 26. c4 Kf7 27. Bb6 Nd6 28. Ra2 h5 29. h4 Nf5 30. Rc2 {Vachier Lagrave,M (2774)-Kovalenko,I (2674) Khanty-Mansiysk 2019 1-0 (86)}) 16. b3 ({RR} 16. Bxd5) 16... Qxd6 17. Rf2 ({RR} 17. Bb2 {RR} e5 18. Qd3 ({RR} 18. Qe4 Nb6 19. Qxb7 ({RR} 19. Bxf7+ Kxf7 20. Qxb7 Rxc2 21. Rab1 Qd2) ({RR} 19. Qxe5 Qxe5 20. Bxe5 Nxc4 21. bxc4 Rxc4) 19... Nxc4 20. bxc4 Qc5+ ({RR} 20... Rab8 21. Qxa7 Rxb2 22. Rfd1) 21. Kh1 Rab8 22. Qxd7 Rxb2) ({RR} 18. Qxe5 Qxe5 19. Bxe5 Ne3) 18... Qb6+ 19. Kh1 Ne3 20. Bxe5 Rxc4 ({RR} 20... Nxf1 21. Bxf7+ Kxf7 ({RR} 21... Kh8 22. Rxf1) 22. Qxd7+ Kf8 ({RR} 22... Kg6 23. Qxg7+ Kf5 ({RR} 23... Kh5 24. Qg4+ Kh6 25. Bg7#) 24. Re1 Ne3 25. Rxe3 Qxe3 26. Qf6#) 23. Qxg7+ Ke8 24. Re1) 21. bxc4 Nxf1 22. Rxf1) ({RR} 17. Bb2 Qb6 18. Rf2 ({RR} 18. Bxd5 Bxd5 19. c4 Qxd4+ 20. Bxd4 Bb7) 18... Qxd4 19. Bxd4 Nb4 20. c3 ({RR} 20. a3 Nc6 ({RR} 20... d5 21. axb4 dxc4 22. Bxa7 ({RR} 22. Rxa7 Rxa7 23. Bxa7 cxb3 24. cxb3 Rc1+ 25. Rf1 Rxf1+ 26. Kxf1 Bd5 27. Ke2 ({RR} 27. b5 Bxb3 28. b6 Bd5) 27... Bxb3 28. Ke3 Kf8 29. Kd4 Ke8) 22... cxb3 23. cxb3) 21. Bb2 d5 22. Bd3 a5) 20... Nc6 ({RR} 20... d5 21. Bb5 Nc6 22. Bxc6 Rxc6 23. Re1 f6 24. f4 Ba6 25. Rd2) 21. Be3 d5 22. Bf1 a5 23. a4 Ne7 24. Rc1 f6 ({RR} 24... Ba6) 25. Bb5 Nf5 26. Bd2 ({RR} 26. Bd7 Nxe3 27. Bxe6+ Kf8 28. Bxc8 Rxc8 29. Re2 ({RR} 29. Rd2 Nf5) 29... Nf5 ({RR} 29... d4 30. Ree1) 30. Ree1) 26... Rc7 27. Bd3 Nd6 28. Be1 Ba6 29. Bc2 ({RR} 29. Bxa6 Rxa6) 29... Kf7 30. Rd1 ({RR} 30. Bxh7 g6) 30... Nb7 31. b4 Bc4 {Kasparov,G (2849)-Grischuk,A (2663) Cannes 2001 CBM 082 [Golod,Vitali] ½-½ (48)}) ({RR} 17. Bb2 Qb6 18. Qxb6 Nxb6 19. Bd3 d5 20. a4 a5 21. Rac1 Ba6 22. Kf2 f6 23. Rfe1 Kf7 24. Ba3 e5 25. f4 e4 26. Bxa6 Rxa6 27. c4 f5 28. cxd5 Rxc1 29. Rxc1 Nxd5 30. Rc5 Ke6 31. Bc1 Nb4 {Campo Jimenez,D (1887)-Arango,A (2015) Medellin COL 2025 ½-½ (62)}) 17... Qb6 18. Qd2 $146 ({RR} 18. Bb2 Qxd4 19. Bxd4 Nb4 20. c3 d5 ({RR} 20... Nc6 21. Be3 d5) 21. Bf1 ({RR} 21. Bb5 Nc6 22. Bxc6 Rxc6 23. Re1 f6 24. f4 Ba6 25. Rd2) 21... Nc6 22. Be3 Ne7 ({RR} 22... a5 23. a4 Ne7) 23. Rc1 a5 ({RR} 23... f6) 24. Rfc2 e5 ({RR} 24... a4 25. b4) 25. c4 f6 ({RR} 25... d4 26. Bf2 Rd8 ({RR} 26... f6)) 26. cxd5 Rxc2 27. Rxc2 Nxd5 28. Bd2 a4 ({RR} 28... Nb4 29. Rc5 Rd8 30. Be1 Nxa2 31. Bc4+ Kh8 32. Rc7 Bc8 33. Bxa5) 29. bxa4 Rxa4 30. Bb5 Ra8 ({RR} 30... Ra3 31. Bc4 Ra8 32. Rb2 Ra4 33. Bb5 Ra3 34. Bd7) 31. a4 Kf8 ({RR} 31... Ba6 32. Bc6 Rd8) 32. a5 Ba6 {Leko,P (2722)-Topalov,V (2745) Dortmund 2002 CBM 090 [Golod,Vitali] 1-0 (81)} ({RR} 32... Ke7 33. Bd3) {RR} 33. Rc5 Bxb5 34. Rxb5 Nc7 35. Rc5 Ne6) ({RR} 18. Qh4 e5 19. Bb2 d6 20. Bxd5 Bxd5 21. c4 Be6 22. Rd1 f6 23. Kh1 Rd8 24. Rfd2 Rd7 25. Qe4 Rad8 26. f4 Qa6 27. h3 Qxa2 28. fxe5 fxe5 29. Bxe5 Qxb3 30. Bxg7 Qxc4 31. Bd4 Rf7 32. Qh4 Rc8 {Risteski,E (2213)-Vukic,M (2406) Belgrade 2020 1-0 (37)}) 18... a5 19. Bb2 Rxc4 20. Bxg7 Rxc2 21. Qxc2 Kxg7 22. Qb2+ f6 23. Rd1 Rc8 24. h4 Qe3 0-1

[Event "Gausdal Byggern Masters"]
[Site "Gausdal"]
[Date "2005.10.06"]
[Round "6"]
[White "Carlsen, Magnus"]
[Black "Kulaots, Kaido"]
[Result "1/2-1/2"]
[WhiteElo "2570"]
[BlackElo "2558"]
[PlyCount "100"]
[EventDate "2005.10.01"]
[EventType "swiss"]
[EventRounds "9"]
[EventCountry "NOR"]
[SourceTitle "CBM 108 Extra"]
[Source "ChessBase"]
[SourceDate "2005.11.04"]
[SourceVersion "1"]
[SourceVersionDate "2005.11.04"]
[SourceQuality "1"]

1. e4 {Moradiabadi,Elshan} c5 2. Nf3 e6 3. d4 cxd4 4. Nxd4 a6 5. Nc3 b5 6. Bd3 Qb6 7. Nf3 Nc6 8. O-O Qb8 ({RR} 8... Nge7 9. Be3 ({RR} 9. Re1 Ng6 10. a4 b4 ({RR} 10... Bc5 11. Be3 Bxe3 12. Rxe3 b4 13. Nd5 Qd8 14. a5) 11. a5 Qb8 12. Na4) 9... Qb8 ({RR} 9... Qc7 10. Bxb5 Rb8 11. Bxc6 Nxc6 12. Nd5 ({RR} 12. b3)) 10. Re1 Bb7 ({RR} 10... Ng6 11. a4 b4 12. Nd5) 11. Bc5 Ng6 12. Bxf8 Kxf8 13. Bf1) 9. Re1 Nge7 ({RR} 9... Bd6 10. e5 Bc7 ({RR} 10... Nxe5 11. Be4 Ra7 12. Be3) 11. Bf4 Nge7 12. Qe2 Ng6 13. Bg3 Bb7 14. Rad1 Nce7 ({RR} 14... O-O 15. Bxg6 hxg6 16. Rxd7) 15. Be4 ({RR} 15. h4 Bxf3 16. gxf3 f5 17. h5 Nf8 18. a4 b4 19. Na2) 15... Bxe4 16. Nxe4 O-O 17. Rxd7 Nd5 18. Nd6 ({RR} 18. Qd2 Qc8 ({RR} 18... Qb6 19. h4 Qc6 20. Rxc7 Nxc7 21. h5 Ne7 22. h6) 19. Rxd5 exd5 20. Nd6 Bxd6 21. exd6 Qf5 22. Re3 Rfe8 23. Rd3 Qf6 24. c3 Qe6 25. Rxd5 Nf8 26. h3) 18... Nb6 19. Rxf7 Rxf7 20. Nxf7 Kxf7 21. Ng5+ Kg8 22. Nxe6 Qc8 23. Qg4 Ra7 24. Rd1 {Grischuk,A (2746)-Svidler,P (2739) Khanty-Mansiysk 2011 CBM 145 [Moradiabadi,Elshan] 0-1}) ({RR} 9... Bb7 10. a4 b4 11. Nd5 Bd6 12. Nb6 Ra7 13. Be3 Ne5 14. Nc4 Nxf3+ 15. Qxf3 Bxh2+ 16. Kh1 Ra8 17. g3 d5 18. Bf4 dxe4 19. Bxe4 Bxe4 20. Qxe4 {1-0 (20) Ehlvest,J (2531)-Martin Rueda,D (2257) chess.com INT 2024}) 10. e5 ({RR} 10. Bg5 Ng6 11. Qd2 h6 12. Be3 Be7 13. Rad1 O-O 14. h3 Bb7 15. Bf1 d6 16. h4 Nce5 17. Nxe5 dxe5 18. h5 Nf4 19. Bxf4 exf4 20. e5 b4 21. Nb1 f3 22. g3 Rd8 23. Qf4 Qc7 24. Bd3 Qa5 {Rodriguez Guerrero,E (2324)-Kulaots,K (2535) Andorra 2002 0-1 (43)}) 10... Bb7 11. Be4 Qc7 12. Bf4 $146 ({RR} 12. Bd2 Rb8 13. Ng5 h6 14. Nh7 Nxe5 15. Nxf8 Kxf8 16. Bxb7 Rxb7 17. Bf4 N7g6 18. Bg3 d6 19. f4 Nc4 20. b3 Nb6 21. f5 Ne7 22. fxe6 Qxc3 23. Qxd6 Qc6 24. Qd8+ Qe8 25. Rad1 f6 26. Bc7 Nbd5 {Lauridsen,J (2223)-Glud,J (2454) Ballerup 2009 1-0 (40)}) ({RR} 12. a3 f5 13. exf6 gxf6 14. Nd4 Nxd4 15. Qxd4 Bg7 16. a4 {½-½ (16) Baklan,V (2599)-Smirin,I (2702) Panormo 2001}) 12... f5 13. exf6 Qxf4 14. fxe7 Bxe7 15. Qd3 O-O-O 16. a4 d5 17. Bxh7 b4 18. Rxe6 bxc3 19. bxc3 Bf6 20. Rb1 Kc7 21. Bf5 Bc8 22. Rxc6+ Kxc6 23. Bxc8 Rxc8 24. Qxa6+ Kd7 25. Qb7+ Rc7 26. Qxd5+ Qd6 27. Qf5+ Ke7 28. g3 Re8 29. Qh5 Kd7 30. Qf5+ Re6 31. a5 Rc5 32. Qg4 Rxa5 33. Nd4 Bxd4 34. cxd4 Kc7 35. Qxg7+ Qe7 36. Qg4 Re1+ 37. Rxe1 Qxe1+ 38. Kg2 Ra1 39. Qf4+ Kc6 40. Qf6+ Kd5 41. c4+ Kxc4 42. Qc6+ Kd3 43. Qb5+ Kc2 44. Qc4+ Qc3 45. Qe2+ Qd2 46. Qc4+ Kb2 47. Qb5+ Kc3 48. Qc6+ Kd3 49. Qb5+ Kc2 50. Qc4+ Kb2 1/2-1/2

[Event "Gausdal Byggern Masters"]
[Site "Gausdal"]
[Date "2005.10.08"]
[Round "8"]
[White "Carlsen, Magnus"]
[Black "Ostmoe, Geir S Tallaksen"]
[Result "1-0"]
[WhiteElo "2570"]
[BlackElo "2350"]
[PlyCount "73"]
[EventDate "2005.10.01"]
[EventType "swiss"]
[EventRounds "9"]
[EventCountry "NOR"]
[SourceTitle "CBM 108 Extra"]
[Source "ChessBase"]
[SourceDate "2005.11.04"]
[SourceVersion "1"]
[SourceVersionDate "2005.11.04"]
[SourceQuality "1"]

1. e4 {Minic,Dragoljub} e5 2. Nf3 Nc6 3. Bb5 a6 4. Ba4 Nf6 5. O-O Be7 6. Re1 b5 7. Bb3 d6 8. c3 O-O 9. h3 Nb8 10. d4 Nbd7 11. Nbd2 Bb7 12. Bc2 Re8 13. Nf1 Bf8 14. Ng3 g6 15. a4 Bg7 ({RR} 15... c5 16. d5 ({RR} 16. Be3 exd4 ({RR} 16... Qc7 17. Qd2 cxd4 18. cxd4 Nb6) 17. cxd4 Bxe4 ({RR} 17... Nxe4 18. Bxe4 ({RR} 18. Nxe4 Bxe4 19. Bg5 Bxf3 20. Bxd8 Bxd1 21. Rxe8 Bxc2) 18... Bxe4 19. Bg5) 18. Nxe4 Nxe4 19. Bxe4 Rxe4 20. dxc5 Nxc5 21. Qd5 Re8 ({RR} 21... bxa4) 22. axb5 axb5 23. b4 Ne6 24. Rxa8) 16... Qc7 ({RR} 16... c4 17. Be3 ({RR} 17. Bg5) 17... Nc5 18. Qe2 ({RR} 18. Qd2 Nfd7 19. h4 h5 20. Ng5 Qe7) 18... Nfd7 ({RR} 18... Qc7 19. Ra3 ({RR} 19. Nd2) 19... Bg7 20. Rea1 Rec8 21. Nd2 Qd8 22. R1a2 Nfd7) 19. Nd2 Qc7 20. Ra3 Nb6 21. axb5 axb5) ({RR} 16... Nb6 17. Qe2 Nxa4) ({RR} 16... Bg7 17. b4 ({RR} 17. c4 Nb6 18. Nd2 bxa4 19. Bxa4 Nxa4 20. Qxa4 Nd7 21. Ndf1 a5) ({RR} 17. Bg5 h6 18. Bd2 Nb6) 17... cxb4 18. cxb4 Nb6 19. a5 Nc4 20. Bd3 Rc8 21. Ra2 Re7 ({RR} 21... Rf8 22. Rc2 Ne8 23. Qe2 Kh8 24. Bxc4 bxc4 25. Rxc4 Rxc4 26. Qxc4 Nc7) 22. Rc2 Rec7) 17. Be3 c4 18. Qd2 Nc5 19. Ra3 Nfd7 20. Rea1 Bg7 21. Bh6 Bh8 22. Nh2 Nb6 23. axb5 axb5 24. Rxa8 Rxa8 25. Rf1 Qe7) ({RR} 15... exd4 16. cxd4 c5 17. d5 Bg7 18. Bf4 Qc7 19. Rc1 Nb6 20. b3 bxa4 21. b4 Nfd7 22. Bxa4) 16. Bd3 ({RR} 16. d5 Qe7 17. b3 c6 18. c4) 16... c6 17. Bg5 h6 18. Bd2 ({RR} 18. Be3 Qc7 19. dxe5 dxe5 20. b4 Rad8 21. Qe2 Bf8 22. Reb1 Nb6 23. a5 Nc8 24. c4 Qd6 25. Ra3 Qe6 26. c5 Na7 27. Bc1 Bg7 28. Bb2 Nh7 29. Rd1 Bc8 30. Bc2 Rxd1+ 31. Qxd1 Nf8 32. Rd3 Qe7 {Sokolovsky,Y (2546)-Sriansh Das (2278) Reykjavik ISL 2025 1-0 (72)}) 18... Qc7 ({RR} 18... Kh7 19. Qc2 d5 ({RR} 19... Qb6) 20. exd5 Nxd5 21. h4 exd4 22. h5 Ne7 ({RR} 22... Qf6 23. cxd4) 23. cxd4 c5 ({RR} 23... Nf8 24. Ne5) 24. Nh4 Nf8 25. dxc5 Qd4 26. hxg6+ fxg6 27. Rxe7 ({RR} 27. c6 Bxc6 ({RR} 27... Bc8 28. Rxe7 Rxe7 29. Nxg6) ({RR} 27... Rac8 28. Rxe7 Rxe7 29. Nxg6 Nxg6 30. Bxg6+ Kh8 31. cxb7) 28. Rxe7 Rxe7 29. Bxg6+ Nxg6 30. Qxg6+ Kg8 ({RR} 30... Kh8 31. Qxc6) 31. Nhf5) 27... Rxe7 28. Nxg6 Nxg6 29. Bxg6+ Kh8 30. c6 ({RR} 30. Nf5 Qg4) 30... Bxc6 ({RR} 30... Bc8 31. axb5) 31. Qxc6 Rf8 32. Be3 ({RR} 32. Bc3 Qxf2+ 33. Kh2 Qf4 34. Rf1 Qh4+ 35. Kg1 Bd4+) 32... Rxe3 33. fxe3 {Karpov,A (2705)-Kavalek,L (2590) Tilburg 1979 MCL [Minic,Dragoljub] ½-½ (44)}) ({RR} 18... d5 19. exd5 Nxd5 20. dxe5) 19. Qc2 Rad8 20. b4 $146 ({RR} 20. Bf1 d5 21. exd5 Nxd5 22. c4 bxc4 23. Bxc4 Qd6 24. Ne4 Qf8 25. Qb3 Rb8 26. dxe5 Nxe5 27. Nxe5 Bxe5 28. Nc3 Bc8 29. Rxe5 Rxb3 30. Rxe8 Qxe8 31. Bxb3 Nxc3 32. Bxc3 Be6 33. Re1 Qd7 34. Bxe6 fxe6 {Fusthy,Z (2325)-Akots,G (2269) Hungary 2013 1-0 (61)}) 20... Nf8 21. dxe5 dxe5 22. c4 Ne6 23. Bf1 bxc4 24. Bxc4 c5 25. b5 axb5 26. axb5 Ra8 27. Rxa8 Bxa8 28. Qb3 Nd7 29. Rd1 Bb7 30. Nh4 Kh7 31. Ba5 Qxa5 32. Rxd7 Bxe4 33. Qd1 Ba8 34. Rxf7 Rd8 35. Qb1 Nf4 36. Nh5 Nxh5 37. Rxg7+ 1-0